Vybrané ekonomické ukazovatele výroby cukrovej repy

Bibliographic Details
Main Author: Török, Ján (Author)
Format: Article
Language:Slovak
Subjects:

MARC

LEADER 00000nab a2200000 a 4500
001 vtls000382130
003 SK-MaSNL
005 20260304080154.0
008 250424c1990 xo 0 slo
015 |a SNBRB19rr/mm-uuuuu 
035 |a CL0382252 
035 |a urn:nbn:sk:snk-ab2pfp 
035 |a (urnnbn)urn:nbn:sk:snk:ar-a02q9t 
035 |a (uuid)b56d9a03-045d-43f4-b7e5-0ea0c9dc773d 
040 |a SNKBUCL  |b slo  |c SNKBUCL  |e AACR2 
041 0 |a slo 
044 |a xo  |c SK 
080 |a 633.63:631.16  |2 1981 
080 |a 631.16  |2 1981 
100 1 |a Török, Ján  |4 aut  |9 5998 
245 1 0 |a Vybrané ekonomické ukazovatele výroby cukrovej repy  |c Ján Török 
650 0 7 |a cukrová repa  |2 snkbucl  |9 81965 
655 7 |a články z novín a časopisov  |2 snkbucl  |9 267496 
773 0 |t Ekonomika poľnohospodárstva  |g Roč. 24, č. 5 (1990), s. 219-211 
850 |a Slovenská národná knižnica 
852 |a Slovenská národná knižnica 
954 |a odborná, vedecká literatúra pôvodná (slovenská)  |2 lita 
958 |a article27 
958 |a RK 
958 |a OND 
958 |a EUIPO 
992 |a RBX 
999 |c 2785104  |d 2787034